| 000 | 00465cam a2200193ua 4500 | ||
|---|---|---|---|
| 020 | _c1.75 | ||
| 041 |
_amal _h |
||
| 082 |
_a894.8121 _bKAR/NA |
||
| 100 | _aKarunakaran nair, P . | ||
| 245 |
_aNalacharitham / _cP Karunakaran nair. _hTextual Documents |
||
| 250 |
_a1 / _b. |
||
| 260 |
_aTrivandrum : _bSudha publications , _c1964. |
||
| 300 | _a72 ; . | ||
| 365 | _a1.75 | ||
| 504 | _a | ||
| 942 | _cBK | ||
| 999 |
_c4012 _d4012 |
||